Robert Fidler v First SOS and Reigate and Banstead BC (Record no. 118350)

MARC details
000 -LEADER
fixed length control field 02733cam a2200373 4500
001 - CONTROL NUMBER
control field ABS68459
008 - FIXED-LENGTH DATA ELEMENTS--GENERAL INFORMATION
fixed length control field 041123n2004 000 0 eng u
035 ## - SYSTEM CONTROL NUMBER
System control number (Sirsi) u128079
245 ## - TITLE STATEMENT
Title Robert Fidler v First SOS and Reigate and Banstead BC
260 ## - PUBLICATION, DISTRIBUTION, ETC.
Date of publication, distribution, etc. 2004
490 ## - SERIES STATEMENT
Series statement Property, Planning and Compensation ReportsÅ’v{2005] 1 P&CR 169-185(16)
520 ## - SUMMARY, ETC.
Summary, etc. [2004] EWCA Civ 1295, 12 October 2004. Appeal by the owner (F) against enforcement notices requiring the cessation of specific business uses at the appeal site (see also Abs67279). Respondent local authority (R) had served an enforcement notice on F in 1995 in respect of a use, which subsequently ceased, and further notices in 2001/02. The planning inspector on appeal upheld notices requiring the return of two buildings to their original condition and the cessation of all site uses but various agricultural ones. The judge upheld the conclusions save in relation to the start of the 10 year immunity from enforcement period under one of the notices and because of this he remitted the appeals for re-determination. "Held": appeal dismissed. The inspector's conclusions on change of use and the judge's rejection of the appeal on that issue could not be criticised. The inspector had not relied wrongly on intensification as a separate legal test and was fully entitled to hold that there had been a substantial change in character of use in the ten-year period. The judge had rightly deemed that the Town and Country Planning Act 1990 s173(11) only applied to activities included in the description of the breach in the enforcement notice. View judgment at www.courtservice.gov.uk.
590 ## - LOCAL NOTE (RLIN)
Local note ABS
590 ## - LOCAL NOTE (RLIN)
Local note ABS
590 ## - LOCAL NOTE (RLIN)
Local note ABS
650 ## - SUBJECT ADDED ENTRY--TOPICAL TERM
Topical term or geographic name entry element MIXED-USE PREMISES
650 ## - SUBJECT ADDED ENTRY--TOPICAL TERM
Topical term or geographic name entry element B1
650 ## - SUBJECT ADDED ENTRY--TOPICAL TERM
Topical term or geographic name entry element B2 USE CLASS
650 ## - SUBJECT ADDED ENTRY--TOPICAL TERM
Topical term or geographic name entry element B8
650 ## - SUBJECT ADDED ENTRY--TOPICAL TERM
Topical term or geographic name entry element INTENSIFICATION
650 ## - SUBJECT ADDED ENTRY--TOPICAL TERM
Topical term or geographic name entry element TOWN AND COUNTRY PLANNING (USE CLASSES) ORDER 1987
650 ## - SUBJECT ADDED ENTRY--TOPICAL TERM
Topical term or geographic name entry element TOWN AND COUNTRY PLANNING ACT 1990 S171B(3)
650 ## - SUBJECT ADDED ENTRY--TOPICAL TERM
Topical term or geographic name entry element TOWN AND COUNTRY PLANNING ACT 1990 S173(11)
650 ## - SUBJECT ADDED ENTRY--TOPICAL TERM
Topical term or geographic name entry element ENFORCEMENT NOTICES
650 ## - SUBJECT ADDED ENTRY--TOPICAL TERM
Topical term or geographic name entry element CHANGE OF USE
650 ## - SUBJECT ADDED ENTRY--TOPICAL TERM
Topical term or geographic name entry element SCOTT V SOS ENVIRONMENT
650 ## - SUBJECT ADDED ENTRY--TOPICAL TERM
Topical term or geographic name entry element MALDON DC V HAMMOND
650 ## - SUBJECT ADDED ENTRY--TOPICAL TERM
Topical term or geographic name entry element FIDLER V SOS AND ANOTHER
690 ## - LOCAL SUBJECT ADDED ENTRY--TOPICAL TERM (OCLC, RLIN)
Topical term or geographic name as entry element PLANNING-PLANNING LAW-CASE LAW
856 ## - ELECTRONIC LOCATION AND ACCESS
Uniform Resource Identifier <a href="https://www.courtservice.gov.uk/View.do?id=2827&searchTerm=&ascending=&index=80&maxIndex=199">https://www.courtservice.gov.uk/View.do?id=2827&searchTerm=&ascending=&index=80&maxIndex=199</a>
Public note View judgment the Court Service website...
856 ## - ELECTRONIC LOCATION AND ACCESS
Uniform Resource Identifier <a href="https://www.courtservice.gov.uk/View.do?id=2827&searchTerm=&ascending=&index=80&maxIndex=199">https://www.courtservice.gov.uk/View.do?id=2827&searchTerm=&ascending=&index=80&maxIndex=199</a>
Public note View judgment the Court Service website...
856 ## - ELECTRONIC LOCATION AND ACCESS
Uniform Resource Identifier <a href="https://www.courtservice.gov.uk/View.do?id=2827&searchTerm=&ascending=&index=80&maxIndex=199">https://www.courtservice.gov.uk/View.do?id=2827&searchTerm=&ascending=&index=80&maxIndex=199</a>
Public note View judgment the Court Service website...
942 ## - ADDED ENTRY ELEMENTS (KOHA)
Suppress in OPAC 0
Holdings
Withdrawn status Lost status Source of classification or shelving scheme Damaged status Not for loan Home library Current library Shelving location Date acquired Total Checkouts Full call number Barcode Date last seen Copy number Price effective from Koha item type
    Dewey Decimal Classification     London London Journal article 23/11/2004   ABS68459 128079-1001 06/08/2019 1 06/08/2019 Law report
    Dewey Decimal Classification     Virtual Virtual Online 23/11/2004   ONLINE 128079-2001 06/08/2019 1 06/08/2019 Law report